[Event "Moscow op-B 04th"]
[Site "Moscow"]
[Date "2008.02.08"]
[Round "7"]
[White "Yudkevich, Mikhail"]
[Black "Kavalenia, Leonid"]
[Result "0-1"]
[WhiteElo "2153"]
[BlackElo "2283"]
[PlyCount "52"]
[EventDate "2008.02.02"]
[EventType "swiss"]
[EventRounds "9"]
[EventCountry "RUS"]
[SourceTitle "CBM 122 Extra"]
[Source "ChessBase"]
[SourceDate "2008.03.04"]
[SourceVersion "1"]
[SourceVersionDate "2008.03.04"]
[SourceQuality "1"]

1. d4 d5 2. c4 e6 3. Nc3 Nf6 4. Nf3 Nbd7 5. Bg5 c6 6. e3 Qa5 7. Nd2 dxc4 8. Bxf6 Nxf6 9. Nxc4 Qc7 10. a3 Bd7 11. b4 b6 12. e4 c5 13. dxc5 bxc5 14. b5 Be7 15. Be2 0-0 16. 0-0 Rfd8 17. Qc2 Be8 18. a4 Rd4 19. a5 Rb8 20. b6 axb6 21. axb6 Qd8 22. Rab1 Bc6 23. f3 Rxc4 24. Bxc4 Qd4+ 25. Rf2 Qxc4 26. Nd5 exd5 0-1

[Event "Moscow op-B 04th"]
[Site "Moscow"]
[Date "2008.02.02"]
[Round "1"]
[White "Sidorov, Kirill"]
[Black "Kavalenia, Leonid"]
[Result "0-1"]
[WhiteElo "2026"]
[BlackElo "2283"]
[PlyCount "60"]
[EventDate "2008.02.02"]
[EventType "swiss"]
[EventRounds "9"]
[EventCountry "RUS"]
[SourceTitle "CBM 122 Extra"]
[Source "ChessBase"]
[SourceDate "2008.03.04"]
[SourceVersion "1"]
[SourceVersionDate "2008.03.04"]
[SourceQuality "1"]

1. d4 d5 2. c4 c6 3. e3 Nf6 4. Nc3 g6 5. Nf3 Bg7 6. Bd3 0-0 7. 0-0 Nbd7 8. cxd5 Nxd5 9. Nxd5 cxd5 10. Bd2 e5 11. dxe5 Nxe5 12. Nxe5 Bxe5 13. Bc3 Bxc3 14. bxc3 Qc7 15. Qb3 Be6 16. Qb4 a5 17. Qd4 Rfc8 18. Rfc1 a4 19. Rab1 Ra5 20. Rb5 Rxb5 21. Bxb5 a3 22. Qb4 Qb6 23. Rb1 Qc5 24. h3 Qxc3 25. Qxc3 Rxc3 26. Ba4 d4 27. Ra1 d3 28. Kf1 d2 29. Rd1 Bc4+ 30. Kg1 Rc1 0-1

[Event "Dimitrov IM-A"]
[Site "Dimitrov"]
[Date "2007.07.28"]
[Round "12"]
[White "Puchkov, Andrey"]
[Black "Kavalenia, Leonid"]
[Result "0-1"]
[WhiteElo "2252"]
[BlackElo "2289"]
[PlyCount "66"]
[EventDate "2007.07.07"]
[EventType "tourn"]
[EventRounds "19"]
[EventCountry "RUS"]
[EventCategory "1"]
[SourceTitle "CBM 119 Extra"]
[Source "ChessBase"]
[SourceDate "2007.09.04"]
[SourceVersion "1"]
[SourceVersionDate "2007.09.04"]
[SourceQuality "1"]

1. Nf3 Nf6 2. d4 d5 3. c4 c6 4. Nc3 dxc4 5. a4 Bf5 6. Ne5 e6 7. Nxc4 Na6 8. f3 Bb4 9. Kf2 c5 10. dxc5 Qxd1 11. Nxd1 Bc2 12. Nd6+ Ke7 13. Ne3 Bb3 14. Ndc4 Bxc5 15. Kg3 Rac8 16. Bd2 Rhd8 17. Bc3 b6 18. Nd2 Bxe3 19. Nxb3 Rc4 20. h4 Nd5 21. Be1 Rc2 22. Rb1 Rc4 23. a5 b5 24. h5 Nab4 25. Rh4 Nc2 26. Rg4 Nxe1 27. Rxe1 f5 28. Rxg7+ Kf6 29. Rxh7 Rg8+ 30. Kh3 Nf4+ 31. Kh2 Nxg2 32. Rh6+ Bxh6 33. Bxg2 Rh4+ 0-1

[Event "Dimitrov IM-A"]
[Site "Dimitrov"]
[Date "2007.07.26"]
[Round "8"]
[White "Bezgodova, Svetlana"]
[Black "Kavalenia, Leonid"]
[Result "1/2-1/2"]
[WhiteElo "2266"]
[BlackElo "2289"]
[PlyCount "169"]
[EventDate "2007.07.07"]
[EventType "tourn"]
[EventRounds "19"]
[EventCountry "RUS"]
[EventCategory "1"]
[SourceTitle "CBM 119 Extra"]
[Source "ChessBase"]
[SourceDate "2007.09.04"]
[SourceVersion "1"]
[SourceVersionDate "2007.09.04"]
[SourceQuality "1"]

1. Nf3 d5 2. g3 c5 3. Bg2 Nc6 4. d4 e6 5. 0-0 Nf6 6. c4 dxc4 7. Ne5 Bd7 8. Na3 cxd4 9. Naxc4 Rc8 10. e3 b5 11. Nxc6 Bxc6 12. Bxc6+ Rxc6 13. Ne5 Rd6 14. Qb3 Rd5 15. exd4 Bd6 16. Be3 0-0 17. Rac1 Qb8 18. Rc6 a5 19. Nd3 Ne4 20. Qc2 Ng5 21. Qe2 h6 22. Rfc1 b4 23. Qg4 Qb5 24. R6c4 Rf5 25. Bxg5 hxg5 26. Qe4 Qd5 27. Qxd5 Rxd5 28. Re1 Rd8 29. Re4 Be7 30. Ne1 R8d6 31. Nf3 f5 32. Rc8+ Kf7 33. Re2 Kf6 34. h3 g4 35. hxg4 fxg4 36. Ne5 Rxd4 37. Rc7 Rd1+ 38. Kg2 R1d4 39. b3 g6 40. Ra7 R6d5 41. Nc6 Bc5 42. Rxa5 Rd1 43. Re4 Rf5 44. Re2 Rh5 45. Re4 Rf5 46. Rf4 Rc1 47. Nxb4 Rxf4 48. Nd3 Rf3 49. Nxc5 Re1 50. Nd7+ Ke7 51. Ne5 Rf5 52. Ra7+ Kd6 53. Nxg4 Re2 54. a4 Kc5 55. Rc7+ Kb6 56. Rc4 g5 57. Rd4 Rd5 58. Rb4+ Kc6 59. Rb8 Ra2 60. Rc8+ Kd7 61. Rc3 Rd4 62. Ne5+ Ke8 63. Rc8+ Rd8 64. Rc6 Ke7 65. Rb6 Rdd2 66. Rb7+ Kf6 67. Ng4+ Kf5 68. Kh3 Re2 69. Rb5+ e5 70. f3 Ra1 71. Nh6+ Ke6 72. Kg4 e4 73. Rb6+ Kd5 74. fxe4+ Rxe4+ 75. Kxg5 Re6 76. Rb5+ Ke4 77. Nf5 Rd1 78. Rb4+ Kd5 79. g4 Rde1 80. Rd4+ Kc6 81. b4 R6e4 82. Rd6+ Kc7 83. b5 Rxa4 84. b6+ Kb7 85. Rg6 1/2-1/2

[Event "Dimitrov IM-A"]
[Site "Dimitrov"]
[Date "2007.07.26"]
[Round "9"]
[White "Kavalenia, Leonid"]
[Black "Kanter, Eduard"]
[Result "1/2-1/2"]
[WhiteElo "2289"]
[BlackElo "2272"]
[PlyCount "25"]
[EventDate "2007.07.07"]
[EventType "tourn"]
[EventRounds "19"]
[EventCountry "RUS"]
[EventCategory "1"]
[SourceTitle "CBM 119 Extra"]
[Source "ChessBase"]
[SourceDate "2007.09.04"]
[SourceVersion "1"]
[SourceVersionDate "2007.09.04"]
[SourceQuality "1"]

1. d4 Nf6 2. c4 g6 3. Nc3 Bg7 4. e4 d6 5. Nf3 0-0 6. Be2 e5 7. Be3 exd4 8. Nxd4 Re8 9. f3 c6 10. 0-0 d5 11. cxd5 Nxd5 12. Nxd5 cxd5 13. Qb3 1/2-1/2

[Event "Dimitrov IM-A"]
[Site "Dimitrov"]
[Date "2007.07.24"]
[Round "5"]
[White "Grebenschikov, Vladimir"]
[Black "Kavalenia, Leonid"]
[Result "0-1"]
[WhiteElo "2307"]
[BlackElo "2289"]
[PlyCount "86"]
[EventDate "2007.07.07"]
[EventType "tourn"]
[EventRounds "19"]
[EventCountry "RUS"]
[EventCategory "1"]
[SourceTitle "CBM 119 Extra"]
[Source "ChessBase"]
[SourceDate "2007.09.04"]
[SourceVersion "1"]
[SourceVersionDate "2007.09.04"]
[SourceQuality "1"]

1. d4 Nf6 2. c4 c5 3. d5 e5 4. Nc3 d6 5. e4 g6 6. h3 Bg7 7. Bg5 h6 8. Be3 0-0 9. Qd2 Kh7 10. g4 a6 11. Bd3 Bd7 12. a4 Ng8 13. Nge2 Qh4 14. Ng3 b6 15. Nce2 Ra7 16. Kf1 Kh8 17. Kg2 Rb7 18. b4 Ne7 19. f3 f5 20. Bf2 Qf6 21. Ng1 cxb4 22. Qxb4 a5 23. Qd2 Na6 24. Rb1 Nb4 25. Rxb4 axb4 26. Qxb4 Ra7 27. Bc2 fxg4 28. hxg4 Bxg4 29. Bd1 Bd7 30. Be3 g5 31. Qxb6 Bxa4 32. Be2 Nc8 33. Qb4 Ra8 34. Nh3 Bd7 35. Nxg5 Ra2 36. Bd2 Ne7 37. Kf2 Qg6 38. Ne6 Bxe6 39. dxe6 Nc6 40. Qxd6 Nd4 41. Bxh6 Rxf3+ 42. Ke1 Qxg3+ 43. Kd1 Rf1+ 0-1

[Event "Dimitrov IM-A"]
[Site "Dimitrov"]
[Date "2007.07.23"]
[Round "2"]
[White "Kavalenia, Leonid"]
[Black "Yaksin, Oleg"]
[Result "0-1"]
[WhiteElo "2289"]
[BlackElo "2231"]
[PlyCount "94"]
[EventDate "2007.07.07"]
[EventType "tourn"]
[EventRounds "19"]
[EventCountry "RUS"]
[EventCategory "1"]
[SourceTitle "CBM 119 Extra"]
[Source "ChessBase"]
[SourceDate "2007.09.04"]
[SourceVersion "1"]
[SourceVersionDate "2007.09.04"]
[SourceQuality "1"]

1. d4 d5 2. Bg5 Nf6 3. Bxf6 exf6 4. e3 Be7 5. c4 dxc4 6. Bxc4 Nd7 7. Nc3 Nb6 8. Bb3 0-0 9. Qf3 c6 10. Nge2 Be6 11. Bc2 Qd7 12. h3 Nc4 13. 0-0-0 Qd6 14. e4 Qb4 15. Bb3 Na5 16. Bc2 Nc4 17. Bb3 Na5 18. d5 Nxb3+ 19. axb3 cxd5 20. exd5 Bd7 21. d6 Bd8 22. Nd4 Bb6 23. Qxb7 Rab8 24. Qd5 Rfc8 25. Rhe1 Rxc3+ 26. bxc3 Qxc3+ 27. Nc2 Rc8 28. Qd3 Qa1+ 29. Kd2 Qb2 30. Re4 Bf5 31. Qc4 Rd8 32. Re7 Rxd6+ 33. Ke2 Re6+ 34. Rxe6 Bxe6 35. Qc6 g6 36. b4 Qb3 37. Ne3 Qxb4 38. Kf3 g5 39. Rd3 f5 40. g3 a5 41. Qe8+ Kg7 42. Nxf5+ Bxf5 43. Qe5+ Kg6 44. Rd6+ Be6 45. Rxe6+ fxe6 46. Qxe6+ Kg7 47. Qe5+ Kf7 0-1

[Event "Dubna op"]
[Site "Dubna"]
[Date "2000.??.??"]
[Round "3"]
[White "Blaiwas, Juli Petrovich"]
[Black "Kavalenia, Leonid"]
[Result "0-1"]
[WhiteElo "2203"]
[BlackElo "2150"]
[PlyCount "56"]
[EventDate "2000.??.??"]
[EventType "swiss"]
[EventRounds "9"]
[EventCountry "RUS"]
[SourceTitle "EXT 2002"]
[Source "ChessBase"]
[SourceDate "2001.11.25"]
[SourceVersion "1"]
[SourceVersionDate "2001.11.25"]
[SourceQuality "1"]

1. e4 e6 2. d4 d5 3. Nd2 Nf6 4. e5 Nfd7 5. Bd3 c5 6. c3 b6 7. Ne2 Ba6 8. Nf3 Be7 9. 0-0 Bxd3 10. Qxd3 0-0 11. Be3 Nc6 12. a3 c4 13. Qc2 b5 14. Nd2 a5 15. f4 f5 16. Nf3 Nb6 17. h3 Qd7 18. g4 b4 19. axb4 axb4 20. Ng3 g6 21. g5 Ra7 22. Rfb1 Rfa8 23. Qc1 Ra2 24. Rxa2 Rxa2 25. Ra1 Qa7 26. Rxa2 Qxa2 27. Qc2 Na4 28. Ne2 b3 0-1

[Event "Dubna op"]
[Site "Dubna"]
[Date "2000.??.??"]
[Round "9"]
[White "Markosian, David S"]
[Black "Kavalenia, Leonid"]
[Result "1-0"]
[WhiteElo "2428"]
[BlackElo "2150"]
[PlyCount "55"]
[EventDate "2000.??.??"]
[EventType "swiss"]
[EventRounds "9"]
[EventCountry "RUS"]
[SourceTitle "EXT 2002"]
[Source "ChessBase"]
[SourceDate "2001.11.25"]
[SourceVersion "1"]
[SourceVersionDate "2001.11.25"]
[SourceQuality "1"]

1. e4 e6 2. d4 d5 3. Nc3 Bb4 4. e5 c5 5. a3 Bxc3+ 6. bxc3 Ne7 7. Qg4 0-0 8. Bd3 cxd4 9. cxd4 b6 10. Bg5 Qc7 11. Ne2 Ba6 12. 0-0 Bxd3 13. cxd3 Nbc6 14. Ng3 Nf5 15. Bf6 Nce7 16. Nh5 Ng6 17. Bxg7 Nxg7 18. Nf6+ Kh8 19. Qh3 h5 20. g4 Ne7 21. Rac1 Qd8 22. Qe3 Ng8 23. Qg5 Re8 24. Rce1 Nxf6 25. exf6 Nf5 26. Qxh5+ Kg8 27. Qg5+ Kh7 28. Re3 1-0

[Event "Dubna op"]
[Site "Dubna"]
[Date "2000.??.??"]
[Round "1"]
[White "Timofeev, Sergey"]
[Black "Kavalenia, Leonid"]
[Result "1-0"]
[WhiteElo "2295"]
[BlackElo "2150"]
[PlyCount "99"]
[EventDate "2000.??.??"]
[EventType "swiss"]
[EventRounds "9"]
[EventCountry "RUS"]
[SourceTitle "EXT 2002"]
[Source "ChessBase"]
[SourceDate "2001.11.25"]
[SourceVersion "1"]
[SourceVersionDate "2001.11.25"]
[SourceQuality "1"]

1. c4 e6 2. Nc3 f5 3. g3 Nf6 4. Bg2 Be7 5. Nf3 d5 6. d4 0-0 7. 0-0 c6 8. Bf4 Ne4 9. Rc1 Nd7 10. Ne5 g5 11. Nxd7 Bxd7 12. Be5 Be8 13. Nxe4 fxe4 14. f3 exf3 15. exf3 Bg6 16. c5 Bf6 17. Re1 Bf5 18. g4 Bg6 19. Bd6 Re8 20. Qd2 b5 21. Re2 a5 22. Rce1 Qd7 23. f4 Qg7 24. Be5 gxf4 25. Qxf4 Rf8 26. Bxf6 Rxf6 27. Qd2 Bf7 28. g5 Rf5 29. h4 Rf8 30. Bh3 Rf3 31. Bg4 Rg3+ 32. Rg2 Rxg2+ 33. Kxg2 Bg6 34. Bxe6+ Kh8 35. Rf1 Be4+ 36. Kg1 Rxf1+ 37. Kxf1 Qg6 38. Bg4 Bd3+ 39. Be2 Qf5+ 40. Ke1 Bxe2 41. Qxe2 Qb1+ 42. Kf2 Qh1 43. Qe5+ Kg8 44. Kg3 Qg1+ 45. Kf4 Qf2+ 46. Kg4 b4 47. h5 Qg2+ 48. Kf5 Qf3+ 49. Ke6 Qxh5 50. Kd7 1-0